000 01567nam0a2200385 4500
001 RU\NLR\bibl\1293525
005 20250615181851.0
010 _a978-5-9576-0482-2
_bРус. яз.-Медиа
010 _a978-5-358-05721-0
_bДрофа
_92000
021 _aRU
_b2008-76143
_94396
035 _a(NLR Aleph) 001347479
090 _a899522
_c899522
100 _a20081111d2008 |||y0rusy50 ca
101 0 _arus
_akor
102 _aRU
105 _ay |||||||||
200 1 _aРусско-корейский разговорник
_e[наиболее употребительные слова и выражения. Практические танскрипции. Страноведческие комментарии]
_fЮ.Н. Мазур, В.Л. Ли
205 _a7-е изд., стер.
210 _aМосква
_cРусский язык Медиа
_d2008
215 _a168 с.
_d20
225 1 _aРазговорник
300 _aПарал. загл. на кор. яз.
300 _aНа обл. авт. не указаны
606 1 _aРусский язык
_xРазговорники
_xКорейский язык
_91557810
_3RU\NLR\auth\66981569
686 _aШ141.12-498.1
686 _aШ175.41-498.2
700 1 _aМазур
_bЮ. Н.
_f1924-1998
_gЮрий Николаевич
_4070
701 1 _aЛи
_bВ. Л.
_gВасилий Лукич
_4070
801 0 _aRU
_bNLR
_c20081111
_gRCR
801 1 _aRU
_bNLR
_c20081111
830 _aавт. по базе
852 _aNLR
_jОЛСАА
942 _cBOOK
980 _aNB